Business law / (Record no. 1508)

000 -LEADER
fixed length control field 01498cam a2200421 a 4500
001 - CONTROL NUMBER
control field 14239972
003 - CONTROL NUMBER IDENTIFIER
control field OSt
005 - DATE AND TIME OF LATEST TRANSACTION
control field 20150306162933.0
008 - FIXED-LENGTH DATA ELEMENTS--GENERAL INFORMATION
fixed length control field 060124s2005 enk f b 001 0 eng d
010 ## - LIBRARY OF CONGRESS CONTROL NUMBER
LC control number 2005301282
015 ## - NATIONAL BIBLIOGRAPHY NUMBER
National bibliography number GBA503305
Source bnb
016 7# - NATIONAL BIBLIOGRAPHIC AGENCY CONTROL NUMBER
Record control number 013080616
Source Uk
020 ## - INTERNATIONAL STANDARD BOOK NUMBER
International Standard Book Number 1859419623 (pbk.)
020 ## - INTERNATIONAL STANDARD BOOK NUMBER
International Standard Book Number 9781859419625
035 ## - SYSTEM CONTROL NUMBER
System control number (OCoLC)ocm57430551
040 ## - CATALOGING SOURCE
Original cataloging agency Uk
Transcribing agency Uk
Modifying agency OrLoB-B
-- OCoLC
-- BAKER
-- DLC
042 ## - AUTHENTICATION CODE
Authentication code ukblsr
-- lccopycat
043 ## - GEOGRAPHIC AREA CODE
Geographic area code e-uk-en
050 00 - LIBRARY OF CONGRESS CALL NUMBER
Classification number KD1629.3.K45 2005
082 04 - DEWEY DECIMAL CLASSIFICATION NUMBER
Classification number 346.4207
Edition number 22
100 1# - MAIN ENTRY--PERSONAL NAME
Personal name Kelly, David,
Dates associated with a name 1950-
245 10 - TITLE STATEMENT
Title Business law /
Statement of responsibility, etc David Kelly, Ann Holmes, Ruth Hayward.
250 ## - EDITION STATEMENT
Edition statement 5th ed.
260 ## - PUBLICATION, DISTRIBUTION, ETC. (IMPRINT)
Place of publication, distribution, etc London :
Name of publisher, distributor, etc Cavendish,
Date of publication, distribution, etc 2005.
300 ## - PHYSICAL DESCRIPTION
Extent lxii, 566 p. ;
Dimensions 24 cm.
500 ## - GENERAL NOTE
General note Previous ed.: 2002.
504 ## - BIBLIOGRAPHY, ETC. NOTE
Bibliography, etc Includes bibliographical references and index.
650 #0 - SUBJECT ADDED ENTRY--TOPICAL TERM
Topical term or geographic name as entry element Commercial law
Geographic subdivision England.
650 #0 - SUBJECT ADDED ENTRY--TOPICAL TERM
Topical term or geographic name as entry element Business enterprises
General subdivision Law and legislation
Geographic subdivision England.
700 1# - ADDED ENTRY--PERSONAL NAME
Personal name Holmes, Ann E. M.
700 1# - ADDED ENTRY--PERSONAL NAME
Personal name Hayward, Ruth,
Titles and other words associated with a name L. L. B.
856 42 - ELECTRONIC LOCATION AND ACCESS
Materials specified Contributor biographical information
Uniform Resource Identifier <a href="http://www.loc.gov/catdir/enhancements/fy0627/2005301282-b.html">http://www.loc.gov/catdir/enhancements/fy0627/2005301282-b.html</a>
856 42 - ELECTRONIC LOCATION AND ACCESS
Materials specified Publisher description
Uniform Resource Identifier <a href="http://www.loc.gov/catdir/enhancements/fy0627/2005301282-d.html">http://www.loc.gov/catdir/enhancements/fy0627/2005301282-d.html</a>
856 41 - ELECTRONIC LOCATION AND ACCESS
Materials specified Table of contents only
Uniform Resource Identifier <a href="http://www.loc.gov/catdir/enhancements/fy0627/2005301282-t.html">http://www.loc.gov/catdir/enhancements/fy0627/2005301282-t.html</a>
906 ## - LOCAL DATA ELEMENT F, LDF (RLIN)
a 7
b cbc
c copycat
d 2
e ncip
f 20
g y-gencatlg
942 ## - ADDED ENTRY ELEMENTS (KOHA)
Source of classification or shelving scheme
Koha item type Book
Holdings
Withdrawn status Lost status Source of classification or shelving scheme Damaged status Not for loan Home library Current library Shelving location Date acquired Total Checkouts Total Renewals Full call number Barcode Date last seen Date checked out Copy number Price effective from Koha item type
          Riara University Library Riara University Library General stack 06/03/2015 8 2 KD1629.3.K45 2005 5307/15 26/11/2025 16/06/2025 C.1 06/03/2015 Book

Riara University Library,
P.O. Box 49940-00100,
Nairobi, Kenya.